000 00412nam a2200169Ia 4500
005 20250424120252.0
008 250424s9999 xx 000 0 und d
022 _a11189094
050 _aHF 5679 .J68/
245 0 _aJournal of accounting
260 _aOgun state, Nigeria
260 _bANAN
260 _c2019
300 _a154 p. :ill. ; 29 cm.
650 _aJournal of accounting and EDP
942 _cSR
999 _c38345
_d38345